La ilicitud sustancial en el derecho disciplinario : (Registro nro. 326249)

Detalles MARC
000 -ENCABEZADO
Número de control [NR] 01355nam a22002417a 4500
005 - FECHA Y HORA DE LA ÚLTIMA TRANSACCIÓN
control field 20260415125456.0
008 - DE LONGITUD FIJA DE DATOS DE ELEMENTOS - INFORMACIÓN GENERAL
Elementos de longitud fija [NR] 260415s2019 |||||||| |||| 00| 0 spa d
020 ## - NUMERO INTERNACIONAL NORMALIZADO PARA LIBROS [R]
Número Internacional Normalizado del libro [NR] 9789587499513
040 ## - FUENTE DE CATALOGACION [NR]
Agencia de catalogación original [NR] CO-BoUCM
Idioma de catalogación [NR] spa
Quien Cataloga Sandra Palacio
Quien Clasifica Sandra Palacio
041 ## - CODIGO DE IDIOMA [R]
Código de idioma para texto/pista de sonido o título separado [R] Español
100 1# - ASIENTO PRINCIPAL--NOMBRE PERSONAL [NR]
Nombre personal [NR] Pinzón Navarrete, John Harvey
ID Autoridad 188612
245 10 - MENCION DE TITULO [NR]
Título [NR] La ilicitud sustancial en el derecho disciplinario :
Parte restante del título [NR] concepto, evolución y criterios teórico-prácticos para su correcto entendimiento /
Mención de responsabilidad, etc. [NR] John Harvey Pinzón Navarrete
260 ## - PUBLICACION, DISTRIBUCION, ETC. (PIE DE IMPRENTA) [R]
Lugar de publicación, distribución, etc. [R] Bogotá, D.C.
Nombre del editor, distribuidor, etc. [R] Grupo Editorial Ibáñez
Fecha de publicación, distribución, etc. [R] 2026
500 ## - NOTA GENERAL [R]
Nota general [NR] Segunda reimpresión 2026
520 ## - NOTA DE RESUMEN, ETC. [R]
Nota de sumario, etc. [NR] Estudio exhaustivo sobre la categoría de la ilicitud sustancial como eje central de la responsabilidad disciplinaria. Explora la transición normativa en Colombia, el papel del "bien jurídico" en el derecho administrativo sancionador y propone criterios para la graduación de la falta según la intensidad de la afectación del deber funcional.
650 #4 - ASIENTO SECUNDARIO DE MATERIA - TERMINO TEMATICO [R]
Término temático o nombre geográfico como elemento de entrada [NR] Derecho disciplinario
Subdivisión geográfica [R] Colombia
9 (RLIN) 105425
650 #4 - ASIENTO SECUNDARIO DE MATERIA - TERMINO TEMATICO [R]
Término temático o nombre geográfico como elemento de entrada [NR] Procedimiento administrativo
Subdivisión geográfica [R] Colombia
9 (RLIN) 35079
650 #4 - ASIENTO SECUNDARIO DE MATERIA - TERMINO TEMATICO [R]
Término temático o nombre geográfico como elemento de entrada [NR] Función pública
Subdivisión geográfica [R] Colombia
9 (RLIN) 41201
650 #4 - ASIENTO SECUNDARIO DE MATERIA - TERMINO TEMATICO [R]
Término temático o nombre geográfico como elemento de entrada [NR] Ética administrativa
Subdivisión geográfica [R] Colombia
9 (RLIN) 188613
700 ## - ASIENTO SECUNDARIO - NOMBRE PERSONAL [R]
Nombre personal [NR] Gómez Pavajeau, Carlos Arturo
Término de relación [R] prólogo
9 (RLIN) 29983
942 ## - ELEMENTOS DE ENTRADA AGREGADOS (KOHA)
Sistema de clasificación DEWEY
Tema principal Derecho
Tipo de ítem principal el descrito en 300a Libro
Edición 1
Clasificación 342.861066
Parte restante de la signatura top. P661
Existencias
Fecha de último préstamo Total préstamos Signatura topográfica Código de barras Última vez visto Ejemplar Price effective from Tipo de ítem Perdido Sistema de clasificación Dañado No prestable Tipo de ítem específico Suprimido Ubicación habitual Ubicación actual Localización Fecha de creación Forma de adquisición Costo
15/04/2026 1 342.861066 P661 100175018 26/05/2026 Ej.1 15/04/2026 Libro   DEWEY     Libro   Claustro Claustro 3er piso 15/04/2026 Compra 78000.00